[Event "57th ch-RUS Qualifier"]
[Site "St Petersburg RUS"]
[Date "2004.05.27"]
[Round "6"]
[White "Volkov,S1"]
[Black "Romanov,E"]
[Result "1/2-1/2"]
[WhiteElo "2629"]
[BlackElo "2392"]
[EventDate "2004.05.21"]

1. d4 Nf6 2. c4 e6 3. Nc3 Bb4 4. e3 O-O 5. Nge2 d5 6. a3 Be7 7. cxd5 Nxd5
8. Bd2 Nd7 9. Nxd5 exd5 10. Ng3 Nf6 11. Bd3 a5 12. O-O Re8 13. Qc2 Bd6 14.
f3 c6 15. Rfe1 Be6 16. Nf1 Qb6 17. Bc3 h6 18. Kh1 Nd7 19. Rad1 c5 20. Qf2
c4 21. Bc2 f5 22. Qh4 Rf8 23. Re2 Qc7 24. a4 Nf6 25. h3 Qd7 26. Rb1 b6 27.
Qe1 Rae8 28. b4 cxb3 29. Rxb3 Bc7 30. Qb1 Nh5 31. Bd3 Qd6 32. Rbb2 Bd7 33.
Be1 Kh8 34. Ra2 Re7 35. Bf2 f4 36. Bg6 Ng3+ 37. Bxg3 fxg3 38. f4 Rf6 39.
Bd3 g5 40. Nxg3 gxf4 41. e4 f3 42. e5 fxe2 43. Rxe2 Qe6 44. exf6 Qxf6 45.
Rxe7 Qxe7 46. Nf5 Qg5 47. Qf1 1/2-1/2

[Event "57th ch-RUS Qualifier"]
[Site "St Petersburg RUS"]
[Date "2004.05.27"]
[Round "6"]
[White "Belov,Vl"]
[Black "Ivanov,Se1"]
[Result "0-1"]
[WhiteElo "2543"]
[BlackElo "2546"]
[EventDate "2004.05.21"]

1. e4 e6 2. d4 d5 3. Nc3 Bb4 4. e5 c5 5. a3 Ba5 6. b4 cxd4 7. Qg4 Ne7 8.
bxa5 dxc3 9. Qxg7 Rg8 10. Qxh7 Nbc6 11. f4 Qxa5 12. Nf3 Bd7 13. Rb1 O-O-O
14. Qd3 a6 15. g3 Nf5 16. Bh3 Nce7 17. g4 Rh8 18. Ng5 Nh6 19. Rg1 Bb5 20.
Qf3 Nc6 21. Bf1 Nd4 22. Qf2 Qa4 23. Rg2 Bxf1 24. Kxf1 Qc4+ 25. Kg1 Qa2 26.
Rb4 Qa1 27. Qe1 Nc6 28. Rb3 Kb8 29. Rxc3 Rc8 30. Bd2 Qb2 31. Qd1 Nd4 32.
Rgg3 Nxc2 33. Kh1 Nd4 34. Rcd3 Rc4 35. Rh3 Rhc8 36. Qg1 Ne2 37. Qf1 Nc1 38.
Rxh6 Nxd3 39. Qxd3 Rd4 0-1

[Event "57th ch-RUS Qualifier"]
[Site "St Petersburg RUS"]
[Date "2004.05.27"]
[Round "6"]
[White "Dolmatov,S"]
[Black "Riazantsev,A"]
[Result "1/2-1/2"]
[WhiteElo "2573"]
[BlackElo "2556"]
[EventDate "2004.05.21"]

1. e4 c6 2. d4 d5 3. Nd2 dxe4 4. Nxe4 Bf5 5. Ng3 Bg6 6. h4 h6 7. Nf3 Nd7 8.
h5 Bh7 9. Bd3 Bxd3 10. Qxd3 e6 11. Bf4 Ngf6 12. O-O-O Be7 13. Kb1 O-O 14.
Ne4 Nxe4 15. Qxe4 Nf6 16. Qe2 Qd5 17. Ne5 Qe4 18. Qxe4 Nxe4 19. Rhe1 Nf6
20. g4 Rfd8 21. Be3 Nd5 22. Bc1 c5 23. c4 Nf6 24. dxc5 Bxc5 25. f3 Bf2 26.
Rf1 Bd4 27. Bf4 Nh7 28. Rd3 Bxe5 29. Rxd8+ Rxd8 30. Bxe5 f6 31. Bc3 Ng5 32.
Kc2 Kf7 33. b4 Ke7 34. a4 Rc8 35. c5 Rd8 36. Bd2 Rd5 37. Be3 f5 38. c6 bxc6
39. Bxa7 Kd7 40. Bc5 Kc7 41. a5 Kb7 42. Bf8 Rd7 43. Bc5 f4 44. Rd1 Rxd1 45.
Kxd1 Nxf3 46. Bf8 Ne5 47. g5 hxg5 48. Bxg7 Nf7 49. h6 Ka6 50. h7 c5 51.
bxc5 Kxa5 52. Ke2 Kb5 1/2-1/2

[Event "57th ch-RUS Qualifier"]
[Site "St Petersburg RUS"]
[Date "2004.05.27"]
[Round "6"]
[White "Solovjov,S"]
[Black "Kuzmin,A"]
[Result "1-0"]
[WhiteElo "2458"]
[BlackElo "2567"]
[EventDate "2004.05.21"]

1. e4 e5 2. Nf3 Nc6 3. Bb5 a6 4. Ba4 Nf6 5. O-O Be7 6. Re1 b5 7. Bb3 d6 8.
c3 O-O 9. h3 Na5 10. Bc2 c5 11. d4 Qc7 12. Nbd2 cxd4 13. cxd4 Bb7 14. d5
Rac8 15. Bd3 Nd7 16. Nf1 f5 17. Ng3 f4 18. Nf5 Bd8 19. b3 Nc5 20. Bb2 Rxf5
21. exf5 Nxd3 22. Qxd3 Qc2 23. Qxc2 Rxc2 24. Ba3 Bb6 25. Bxd6 Bxf2+ 26. Kh1
Bxe1 27. Rxe1 Bxd5 28. Rxe5 Bf7 29. Re7 Nc6 30. Rc7 h6 31. Rc8+ Kh7 32. Ne5
Bd5 33. Ng6 Bg8 34. Ne7 Nd4 35. Rxg8 Nxf5 36. Rc8 Ng3+ 37. Kh2 Rf2 38. Rf8
Nh5 1-0

[Event "57th ch-RUS Qualifier"]
[Site "St Petersburg RUS"]
[Date "2004.05.27"]
[Round "6"]
[White "Loginov,Va"]
[Black "Silivanov,S"]
[Result "1-0"]
[WhiteElo "2516"]
[BlackElo "2291"]
[EventDate "2004.05.21"]

1. Nf3 d6 2. d4 Nf6 3. c4 Bg4 4. e3 Nbd7 5. Be2 e5 6. Nc3 Be7 7. h3 Bh5 8.
O-O c6 9. d5 O-O 10. Nd2 Bxe2 11. Qxe2 cxd5 12. cxd5 a6 13. a4 Qa5 14. Nc4
Qb4 15. a5 Rac8 16. Ra4 Qb3 17. e4 Nxe4 18. Qxe4 Nc5 19. Nd2 Qxa4 20. Nxa4
Nxe4 21. Nxe4 f5 22. Nec3 Bd8 23. Nb6 Bxb6 24. axb6 Rc4 25. f4 e4 26. Be3
Rb4 27. Rf2 Rc8 28. g4 g6 29. Kf1 Kf7 30. Rg2 a5 31. Ke1 a4 32. gxf5 Rxc3
33. fxg6+ hxg6 34. bxc3 Rb1+ 35. Kf2 a3 36. Kg3 Rd1 37. Bd4 Rd3+ 38. Kg4 e3
39. Kf3 e2+ 40. Kxe2 a2 41. Rg1 Rxh3 42. Ra1 1-0

[Event "57th ch-RUS Qualifier"]
[Site "St Petersburg RUS"]
[Date "2004.05.28"]
[Round "7"]
[White "Riazantsev,A"]
[Black "Solovjov,S"]
[Result "1-0"]
[WhiteElo "2556"]
[BlackElo "2458"]
[EventDate "2004.05.21"]

1. d4 d5 2. c4 c6 3. Nf3 Nf6 4. Nc3 dxc4 5. a4 e5 6. Nxe5 Bb4 7. e3 Be6 8.
Be2 c5 9. O-O cxd4 10. exd4 Nc6 11. Bxc4 Bxc4 12. Nxc4 O-O 13. Be3 Rc8 14.
Qb3 Bxc3 15. bxc3 Qd5 16. Rfc1 Ng4 17. Qb5 Ne7 18. Nd2 Qe6 19. Nf1 f5 20.
Qxb7 Nd5 21. Bd2 Rb8 22. Re1 Qd6 23. Qxa7 Rfc8 24. c4 Rxc4 25. Re6 Qd8 26.
Bg5 Qc8 27. Rd6 Ra8 28. Qxa8 Qxa8 29. Rd8+ Qxd8 30. Bxd8 Nc3 31. h3 Ne2+
32. Kh1 Nxf2+ 33. Kh2 Nxd4 34. a5 Ne4 35. Bb6 Nb3 36. Ra3 Rc1 37. a6 1-0

[Event "57th ch-RUS Qualifier"]
[Site "St Petersburg RUS"]
[Date "2004.05.29"]
[Round "8"]
[White "Tseshkovsky,V"]
[Black "Ivanov,Se1"]
[Result "1/2-1/2"]
[WhiteElo "2564"]
[BlackElo "2546"]
[EventDate "2004.05.21"]

1. e4 e6 2. d4 d5 3. Nc3 Bb4 4. e5 c5 5. a3 Ba5 6. b4 cxd4 7. Nb5 Bc7 8. f4
Bd7 9. Nf3 Ne7 10. Nxc7+ Qxc7 11. Bd3 a6 12. Bb2 Nf5 13. Bxf5 exf5 14. Bxd4
O-O 15. O-O Rc8 16. Bc5 b6 17. Bf2 Be6 18. c3 b5 19. Nd4 Nc6 20. Nb3 d4 21.
Nxd4 Nxd4 22. Bxd4 Qc6 23. Qh5 Bc4 24. Qxf5 Bxf1 25. Rxf1 a5 26. Qg4 Qg6
27. Qh3 axb4 28. axb4 Qe4 29. f5 Ra2 30. f6 Re8 31. Qg3 Qg6 32. e6 Qxg3 33.
exf7+ Kxf7 34. fxg7+ Rf2 35. Rxf2+ Qxf2+ 36. Kxf2 Re4 37. g3 Re8 38. Kf3
Re6 39. Kf4 Re2 40. h4 Re1 41. Be5 Re2 42. Kf5 Re1 43. Bd4 Re2 44. g4 Re1
45. g5 Rh1 46. Kg4 Rh2 47. h5 Kg8 48. h6 Re2 49. Kf3 Re8 50. Kf4 Re2 51.
Bf6 Re1 52. Be5 Re2 53. Bd4 Rg2 54. Bf6 Re2 55. Kf3 Re6 56. Bd4 Re8 57. Be3
Rc8 58. Bc5 Re8 59. Bd6 Re6 60. Bg3 Re8 61. Bc7 Re7 62. Bf4 Re8 63. Kg4 Re1
64. Kf5 Kf7 65. Bg3 Re3 66. Be5 Re1 67. Bf6 Re2 68. Bd4 Rg2 69. Be5 Re2 70.
Bd4 Rg2 71. Kf4 Kg8 72. Be5 1/2-1/2

[Event "57th ch-RUS Qualifier"]
[Site "St Petersburg RUS"]
[Date "2004.05.29"]
[Round "8"]
[White "Yakovich,Yur"]
[Black "Riazantsev,A"]
[Result "1/2-1/2"]
[WhiteElo "2596"]
[BlackElo "2556"]
[EventDate "2004.05.21"]

1. d4 d5 2. c4 c6 3. Nc3 Nf6 4. Nf3 e6 5. Bg5 h6 6. Bxf6 Qxf6 7. Qc2 Nd7 8.
e4 dxe4 9. Qxe4 g6 10. Bd3 Bg7 11. O-O O-O 12. Qe3 b6 13. Rad1 c5 1/2-1/2

[Event "57th ch-RUS Qualifier"]
[Site "St Petersburg RUS"]
[Date "2004.05.29"]
[Round "8"]
[White "Landa,K"]
[Black "Shaposhnikov,E"]
[Result "1/2-1/2"]
[WhiteElo "2550"]
[BlackElo "2559"]
[EventDate "2004.05.21"]

1. e4 e6 2. d4 d5 3. Nc3 Nf6 4. e5 Nfd7 5. f4 c5 6. Nf3 Nc6 7. Be3 Qb6 8.
Na4 Qa5+ 9. c3 b6 10. Bd2 c4 11. b4 Qa6 12. Qc2 Be7 13. Nb2 b5 14. Be2 Qb7
15. O-O a5 16. a3 1/2-1/2

[Event "57th ch-RUS Qualifier"]
[Site "St Petersburg RUS"]
[Date "2004.05.29"]
[Round "8"]
[White "Burmakin,V"]
[Black "Kuzmin,A"]
[Result "1/2-1/2"]
[WhiteElo "2571"]
[BlackElo "2567"]
[EventDate "2004.05.21"]

1. d4 Nf6 2. g3 d5 3. Nf3 c6 4. Nbd2 Bf5 5. Nh4 Bg4 6. h3 Bh5 7. g4 Bg6 8.
Bg2 e6 9. Nxg6 hxg6 10. c4 Nbd7 11. Qb3 Qc7 12. cxd5 exd5 13. Qe3+ Be7 14.
Nb3 Nb6 15. Nc5 O-O 16. Bf3 Rfe8 17. Qc3 Bd6 18. Qc2 Nc4 19. b3 Bxc5 20.
dxc5 Qa5+ 21. Kf1 Ne5 22. Be3 Nxf3 23. exf3 Nd7 24. h4 Rad8 25. h5 gxh5 26.
Bd4 Nf8 27. gxh5 Ne6 28. Rh4 Nxd4 29. Rxd4 Re5 30. h6 gxh6 31. Rg4+ Kh8 32.
Qc1 Re6 33. Qb2+ d4 34. Rxd4 Rxd4 35. Qxd4+ Kg8 36. Rd1 Qxa2 37. Qd8+ Kg7
38. Qd4+ Kh7 39. Qd3+ Kg7 40. Qd4+ Kh7 41. Qd3+ Rg6 42. Qc4 1/2-1/2

[Event "57th ch-RUS Qualifier"]
[Site "St Petersburg RUS"]
[Date "2004.05.29"]
[Round "8"]
[White "Loginov,Va"]
[Black "Nikolenko,O"]
[Result "0-1"]
[WhiteElo "2516"]
[BlackElo "2520"]
[EventDate "2004.05.21"]

1. Nf3 Nf6 2. g3 g6 3. c4 Bg7 4. d4 O-O 5. Bg2 d5 6. cxd5 Nxd5 7. O-O c5 8.
Nc3 Nc6 9. dxc5 Nxc3 10. bxc3 Qa5 11. Be3 Bxc3 12. Rc1 Bg7 13. Qb3 Qa6 14.
Qc4 Qxc4 15. Rxc4 Be6 16. Ra4 Rfd8 17. h4 Rd7 18. Ng5 Bf5 19. Rc4 h6 20.
Bxc6 bxc6 21. g4 hxg5 22. gxf5 gxf5 23. Bxg5 Rb8 24. Rfc1 e5 25. h5 f6 26.
Bh4 Rb2 27. R1c2 Rxc2 28. Rxc2 Rd4 29. Bg3 f4 30. Bh4 Kh7 31. f3 Kh6 32.
Bf2 Rd1+ 33. Kg2 f5 34. e3 fxe3 35. Bxe3+ Kxh5 36. Rc4 f4 37. Bf2 Rd2 38.
Ra4 Bf6 39. Kf1 Bh4 40. Bg1 Bg3 41. Re4 Kh4 42. Rxe5 Kh3 43. Rh5+ Bh4 44.
Rh6 Rd1+ 45. Ke2 Rxg1 46. Rxc6 Kg2 47. Rc8 Re1+ 48. Kd2 Kxf3 49. c6 Re7 50.
Kd3 Kg2 0-1

[Event "57th ch-RUS Qualifier"]
[Site "St Petersburg RUS"]
[Date "2004.05.29"]
[Round "8"]
[White "Solovjov,S"]
[Black "Danin,A"]
[Result "1/2-1/2"]
[WhiteElo "2458"]
[BlackElo "2332"]
[EventDate "2004.05.21"]

1. e4 e6 2. d4 d5 3. Nc3 Nf6 4. Bg5 dxe4 5. Nxe4 Be7 6. Bxf6 gxf6 7. Nf3 f5
8. Nc3 Bf6 9. Qd2 c5 10. d5 O-O 11. O-O-O e5 12. h4 Nd7 13. Ng5 Bg7 14. f3
Nb6 15. g4 fxg4 16. fxg4 Bxg4 17. Be2 Bd7 18. Rhg1 f6 19. Nge4 Kh8 20. Nxc5
f5 21. Bb5 Rc8 22. Qf2 Bh6+ 23. Kb1 Bxb5 24. Nxb5 Nc4 25. Ne6 Qa5 26. Na3
Nxa3+ 27. bxa3 Rc4 28. Qe1 Qb6+ 29. Ka1 e4 30. Qg3 f4 31. Qb3 Rcc8 32. d6
Qxb3 33. axb3 Rcd8 34. Nxf8 Bxf8 35. d7 e3 36. Rd3 Be7 37. Kb1 Bxh4 38. Kc1
Bf2 39. Rh1 Kg7 40. c4 e2 41. Kd2 e1=Q+ 42. Rxe1 Bxe1+ 43. Kxe1 Kf6 44. Ke2
Ke6 45. Rd4 Ke5 1/2-1/2

[Event "57th ch-RUS Qualifier"]
[Site "St Petersburg RUS"]
[Date "2004.05.30"]
[Round "9"]
[White "Alekseev,Evgeny"]
[Black "Yakovich,Yur"]
[Result "1/2-1/2"]
[WhiteElo "2616"]
[BlackElo "2596"]
[EventDate "2004.05.21"]

1. c4 e5 2. Nc3 Nf6 3. Nf3 Nc6 4. d3 d5 5. cxd5 Nxd5 6. e3 g6 7. Be2 Bg7 8.
O-O O-O 9. Bd2 Be6 10. Ne4 Qe7 11. Rc1 Rad8 12. a3 a5 13. Qc2 Bc8 14. Qc5
f5 15. Qxe7 Ndxe7 16. Nc3 Kh8 17. Rfd1 Be6 18. Be1 Bb3 19. Rd2 Rd7 20. Bd1
Bxd1 21. Rdxd1 Nd8 22. Kf1 Nf7 23. Ke2 Rfd8 24. b3 Bf6 25. Nb5 c6 26. Nc3
b6 27. Na4 Rb8 28. Bc3 Kg7 29. d4 exd4 30. Nxd4 Rd6 31. Nf3 1/2-1/2

[Event "57th ch-RUS Qualifier"]
[Site "St Petersburg RUS"]
[Date "2004.05.30"]
[Round "9"]
[White "Tregubov,P"]
[Black "Burmakin,V"]
[Result "1-0"]
[WhiteElo "2636"]
[BlackElo "2571"]
[EventDate "2004.05.21"]

1. d4 c6 2. Nf3 Nf6 3. c4 d5 4. e3 e6 5. Bd3 Nbd7 6. O-O Bd6 7. Nbd2 O-O 8.
e4 e5 9. cxd5 cxd5 10. exd5 exd4 11. Ne4 Nxe4 12. Bxe4 Nf6 13. Bg5 Be7 14.
Bc2 Nxd5 15. Bxe7 Nxe7 16. Nxd4 Ng6 17. Re1 Qf6 18. Bb3 a5 19. Nb5 Rd8 20.
Qe2 a4 21. Nc7 Ra5 22. Nd5 Qd6 23. Rad1 Rf8 24. Bc4 Rc5 25. b4 axb3 26.
Bxb3 Qc6 27. Ne7+ Nxe7 28. Qxe7 g6 29. Rd8 Rxd8 30. Bxf7+ Kh8 31. Qxd8+ Kg7
32. Bb3 Qf6 33. Qe8 Rc7 34. h3 Bf5 35. Qe3 Bc2 36. Bd5 g5 37. Qg3 Rd7 38.
Re6 Qa1+ 39. Kh2 h6 40. Rb6 Rxd5 41. Qc7+ Kf8 42. Qc8+ Ke7 1-0

[Event "57th ch-RUS Qualifier"]
[Site "St Petersburg RUS"]
[Date "2004.05.30"]
[Round "9"]
[White "Shaposhnikov,E"]
[Black "Nikolenko,O"]
[Result "1/2-1/2"]
[WhiteElo "2559"]
[BlackElo "2520"]
[EventDate "2004.05.21"]

1. e4 e6 2. d3 d5 3. Nd2 Nf6 4. Ngf3 Nc6 5. c3 a5 6. Be2 e5 7. Qa4 Bd6 8.
O-O O-O 9. Re1 Re8 10. Qc2 Bc5 11. b3 dxe4 12. Nxe4 Nxe4 13. dxe4 Qf6
1/2-1/2

[Event "57th ch-RUS Qualifier"]
[Site "St Petersburg RUS"]
[Date "2004.05.30"]
[Round "9"]
[White "Danin,A"]
[Black "Silivanov,S"]
[Result "1-0"]
[WhiteElo "2332"]
[BlackElo "2291"]
[EventDate "2004.05.21"]

1. e4 e5 2. Nf3 d6 3. d4 Nf6 4. Nc3 Nbd7 5. Bc4 Be7 6. O-O O-O 7. Re1 c6 8.
a4 b6 9. Ba2 Bb7 10. dxe5 dxe5 11. Nh4 g6 12. Bh6 Re8 13. Qf3 Bf8 14. Bg5
Bg7 15. Rad1 Bc8 16. Rd6 h6 17. Bxf6 Bxf6 18. Nxg6 Kg7 19. Nh4 1-0